Language Quiz

Random Language or Letter Quiz

The Only Letter VIII Quiz Stats

Quiz Updated Oct 31, 2015

Challenge
Share
Tweet
Embed
Score 0/26 Timer 02:00
3 Plays Today
% Correct
O
95.3%
C
94.9%
L
94.7%
I
94.7%
A
93.9%
R
93.9%
D
93.5%
E
93%
N
92.9%
P
92%
G
91.2%
T
90.7%
J
90.5%
% Correct
M
88.5%
V
88.3%
U
87.6%
S
86.7%
Q
86.1%
H
84.5%
B
83.8%
K
82.2%
W
81.4%
F
80.8%
X
80.7%
Y
73.1%
Z
62.2%

You're not logged in!

Compare scores with friends on all Sporcle quizzes.
Sign Up with Email
OR
Log In

You Might Also Like...

Show Comments

Extras

Top Quizzes Today


Score Distribution

Your Account Isn't Verified!

In order to create a playlist on Sporcle, you need to verify the email address you used during registration. Go to your Sporcle Settings to finish the process.

Report this User

Report this user for behavior that violates our Community Guidelines.

Details: